| 000 | 00000nam##2200000za#4500 |
| 001 | 9.678977 |
| 003 | CaOODSP |
| 005 | 20250506145324 |
| 007 | ta |
| 008 | 150407|1993||||xxc||||| f|0| 0 fre|d |
| 020 | |a0-662-98540-0 |
| 040 | |aCaOODSP|bfre |
| 043 | |an-cn--- |
| 086 | 1 |aA63-1900/1993F |
| 110 | 1 |aCanada.|bAgriculture Canada. |
| 245 | 10|aMode d'action du cuivre d'origine alimentaire sur les ruminants / |cpar M. Ivan, Centre de recherches alimentaires et zootechniques. |
| 260 | |aOttawa - Ontario : |bAgriculture Canada |c1993. |
| 300 | |a17p. : |bill. ; |c28 cm. |
| 500 | |aSommaire: Introduction.--Assimilabilité du cuivre.--Carence en cuivre.--Toxicité du cuivre.--Conclusions. |
| 563 | |aCouverture souple |
| 590 | |a93-48|b1993-12-03 |
| 691 | 07|aBétail|2gcpds |
| 691 | 07|aSanté animale|2gcpds |
| 720 | 1 |aIvan, M. |
| 775 | 08|tHow dietary copper affects ruminants / |w(CaOODSP)9.645212 |
| 776 | 0#|tMode d'action du cuivre d'origine alimentaire sur les ruminants / |w(CaOODSP)9.641063 |
| 986 | |aPublication 1900/E |